• 首页
  • 本馆介绍
  • 公告通知
  • 最新文献
  • 馆藏检索
  • 电子资源
  • 读者导购
  • 参考咨询
  • 我的图书馆
  • 登录
  • 详细信息显示
  • 放入我的书架
  • 预约/预借图书
  • 作者相关作品
  • 分类相关作品
  • 丛书相关作品
  • 出版社相关作品

书目信息

  • 表格格式
  • 工作单格式
  • 卡片格式
题名:
通用量具手册
    
 
作者: ;上海计量技术所 编
分册: 中册  
出版信息: 北京   计量出版社  1982.11
页数: 227页
开本: 20cm
丛书名:
单 册:
中图分类: TH71
科图分类:
主题词: 计量仪器
电子资源:
ISBN:
000 00547nam0 2200193 45
001 0312221749
005 20060815112310.21
010    @dCNY1.00
091    @a15210.176
100    @a20031222d1982 km y0chiy0120 ea
101    @achi
200 1  @a通用量具手册@h中册@ATong Yong Liang Ju Shou Ce@f上海计量技术所编@FShang Hai Ji Liang Ji Shu Suo Bian
210    @a北京@c计量出版社@d1982.11
215    @a227页@d20cm
606 0  @a计量仪器
690    @aTH71@v3
711 02 @a上海计量技术所@4编
801    @aCN@bTSTCL@c20060815
905    @dTH71@e18:2@f1@b159492
    
    通用量具手册.中册/上海计量技术所编.-北京:计量出版社,1982.11
    227页;20cm
    
    
    ISBN :CNY1.00
    
●
相关链接 在E读中查询图书 在五车中查询图书 在当当中查询图书 在豆瓣中查询图书


正题名:通用量具手册     索取号:TH71/18:2         预约/预借

序号 登录号 条形码 馆藏地/架位号 状态 备注
1 0159492   001365971   第三借阅区/ [索取号:TH71/18:2] 在馆    
2 0159493   001366015   第二样本阅览室/ [索取号:TH71/18:2] 在馆    
3 0458513   204585136   密集书库/ [索取号:TH71/18:2] 在馆    
4 0458514   204585145   密集书库/ [索取号:TH71/18:2] 在馆    
5 0458515   204585154   密集书库/ [索取号:TH71/18:2] 在馆    
唐山师范学院图书馆 欢迎您!
大连网信软件有限公司© 版权所有